[Event "Asia-ch Universities"]
[Site "Tagaytay City"]
[Date "2018.05.27"]
[Round "1"]
[White "Law, Tze Hong"]
[Black "Bersamina, Paulo"]
[Result "0-1"]
[WhiteElo "1719"]
[BlackElo "2413"]
[PlyCount "88"]
[EventDate "2018.05.27"]
[EventType "swiss"]
[EventRounds "9"]
[EventCountry "PHI"]
[SourceTitle "EXT 2019"]
[Source "ChessBase"]
[SourceDate "2018.10.10"]
[SourceVersion "1"]
[SourceVersionDate "2018.10.10"]
[SourceQuality "1"]

1. c4 Nf6 2. g3 e6 3. Bg2 d5 4. Nf3 Be7 5. 0-0 0-0 6. b3 b6 7. Bb2 Bb7 8. e3 c5 9. Qe2 Qc8 10. Rc1 dxc4 11. bxc4 Rd8 12. d4 Nc6 13. Nbd2 h6 14. Rab1 Qc7 15. Bc3 Rac8 16. Bh3 Re8 17. dxc5 Bxc5 18. Bxf6 gxf6 19. Nb3 Ba3 20. Rd1 f5 21. c5 bxc5 22. Qb5 Nb8 23. Bg2 Be4 24. Qa4 Bxb1 25. Rxb1 Bb4 26. a3 Bc3 27. Rc1 Bg7 28. Nxc5 Qb6 29. Bf1 Red8 30. Qh4 Rf8 31. Nd3 Rxc1 32. Nxc1 Qc6 33. Qh5 Qxc1 34. g4 fxg4 35. Qxg4 Nd7 36. Kg2 Nf6 37. Qf4 Qxa3 38. Qc7 Nd5 39. Qc2 Qb4 40. h3 a5 41. Bc4 Rc8 42. Nd2 Nb6 43. Qd3 Nxc4 44. Qd7 Nxe3+ 0-1

[Event "Dewan Astana Karnival op"]
[Site "Dewan Astana"]
[Date "2015.07.29"]
[Round "1"]
[White "Lim, Kim Siong"]
[Black "Law, Tze Hong"]
[Result "0-1"]
[WhiteElo "1705"]
[BlackElo "1402"]
[PlyCount "80"]
[EventDate "2015.07.29"]
[EventType "swiss"]
[EventRounds "7"]
[EventCountry "MAS"]
[SourceTitle "EXT 2017"]
[Source "ChessBase"]
[SourceDate "2016.10.25"]
[SourceVersion "1"]
[SourceVersionDate "2016.10.25"]
[SourceQuality "1"]

1. e4 c5 2. c3 g6 3. d4 Bg7 4. Nf3 Nf6 5. e5 Nd5 6. Bc4 Nb6 7. Bb3 c4 8. Bc2 d6 9. Bf4 0-0 10. Qd2 Bg4 11. exd6 exd6 12. Na3 Re8+ 13. Be3 Nd5 14. 0-0-0 Nxe3 15. fxe3 Bh6 16. Rde1 d5 17. Ne5 Be6 18. h4 Nd7 19. h5 Nxe5 20. hxg6 Ng4 21. Bd1 Qg5 22. Bxg4 Bxg4 23. gxf7+ Kxf7 24. Nc2 Kg8 25. Qf2 Bf5 26. Rxh6 Bxc2 27. Rh3 Bg6 28. Rg3 Qe7 29. e4 dxe4 30. Qf5 Qe6 31. Qb5 b6 32. Ree3 a6 33. Qh5 Rad8 34. Qe2 Kh8 35. Qf1 Rf8 36. Qe2 Rf4 37. Rh3 Rdf8 38. Rh1 Qf7 39. Qe1 Qf5 40. Re2 e3 0-1